Quick Pick: 'G' World Landmarks Quiz Stats

 Plays Quiz Updated Aug 22, 2017

Challenge
Share
Tweet
Embed
Score 0/12 Timer 01:00
0 Plays Today
% Correct
Egypt
94.6%
Australia
93.5%
United States
81.8%
Spain
71.5%
Norway
69.9%
United Kingdom
63%
India
57.9%
Iceland
55.1%
Japan
46.1%
Belize
38.7%
Mali
33.5%
Turkey
26.8%

Today's Daily Dose

Word Ladder
Homophones Ate

Quick Pick
RGB Colors

On This Day
August 18th II

You're not logged in!

Compare scores with friends on all Sporcle quizzes.
Join for Free
OR
Log In

You Might Also Like...

Show Comments

Extras

Top Quizzes Today


Score Distribution

Your Account Isn't Verified!

In order to create a playlist on Sporcle, you need to verify the email address you used during registration. Go to your Sporcle Settings to finish the process.

Report this User

Report this user for behavior that violates our Community Guidelines.

Details: